Participación ciudadana y niñez

Bewaard in:
Bibliografische gegevens
Formaat: Texto
Onderwerpen:
Tags: Voeg label toe
Geen labels, Wees de eerste die dit record labelt!

MARC

LEADER 00000 a a2200000 04500
001 6603
003
040
245 |a Participación ciudadana y niñez  
650 |a PARTICIPACION SOCIAL  
650 |a CIUDADANIA  
650 |a DERECHOS HUMANOS  
650 |a DEMOCRACIA  
650 |a ESTADO  
650 |a SOCIEDAD CIVIL  
650 |a DESARROLLO ECONOMICO Y SOCIAL  
650 |a DESARROLLO HUMANO  
650 |a LEGISLACION SOCIAL  
650 |a DERECHOS DEL NIÑO  
773 |g volumen 23, número 1016; páginas 13-16  
999 |c 23714  |d 23714